000 00542nam a2200193Ia 4500
003 OSt
005 20250218110643.0
008 210210b1995 xxu||||| |||| 00| 0 eng d
040 _cAL
041 _aKannada
082 _aK894.301 JAYP
100 _aDESHAPANDE (Jayashri).
_dದೇಶಪಾಂಡೆ (ಜಯಶ್ರೀ)
_9200577
245 _aPadmini.
_bಪದ್ಮಿನಿ
260 _aPutturu
_bKannada Prapancha Prakashana
_c1995
300 _aviii,131
690 _aKannada Fiction
_9200578
906 _a054754
942 _2ddc
_cBK
999 _c102497
_d102497